| 000 | 00910nam a2200229 a 4500 | ||
|---|---|---|---|
| 001 | BRCA_1247 | ||
| 005 | 20190320203339.0 | ||
| 008 | 981110s1998 ag-a---##b---#000-0#spa-#z98796918 | ||
| 040 |
_aDLC _cDLC |
||
| 050 | 4 |
_aND1432 _b.S47 1998 |
|
| 245 | 1 | 0 |
_aUna serie de pinturas cuzqueñas de Santa Catalina de Siena _bhistoria, restauración y química _c[textos, Gonzalo Abad ... et al.]. |
| 260 |
_aBuenos Aires (Argentina) _bFundación Tarea _c1998 |
||
| 300 |
_a67 p. _bil. (algunas a color) _c28 cm. |
||
| 600 | 1 | 4 |
_aCatherine _cde Siena, Santo _d1347-1380 _xArte _94108 |
| 610 | 2 | 4 |
_aSanta Catalina de Siena (Iglesia : Córdoba, Argentina) _94109 |
| 650 | 1 | 4 |
_aEscuela de pintura de Cuzco _94110 |
| 650 | 1 | 4 |
_aPintura colonial _zPerú _93903 |
| 650 | 1 | 4 |
_aPintura _xExpertising _zArgentina _94111 |
| 700 | 1 |
_aAbad, Gonzalo _94112 |
|
| 710 | 2 |
_aFundación Tarea (Buenos Aires, Argentina) _94113 |
|
| 942 |
_2lcc _cB |
||
| 999 |
_c1117 _d1117 |
||